| 000 | 01396nam a2200265 u 4500 | ||
|---|---|---|---|
| 001 | 000449666 | ||
| 003 | AM-YeHGA | ||
| 005 | 20250617133323.0 | ||
| 008 | 050708s2004 ||||||||||||||000|0|rus d | ||
| 020 | _a586218385X | ||
| 040 | _aAM-YeHGA | ||
| 041 | 1 |
_arus _hfre |
|
| 100 | 1 | _aКепель, Жиль | |
| 245 | 1 | 0 |
_aДжихад : _bЭкспансия и закат исламизма / _cЖиль Кепель; Пер. с фр. В.Ф. Денисова. |
| 246 | 1 | 5 | _aJihad |
| 260 |
_aМосква : _bЛадомир, _c2004. |
||
| 300 | _a466 с. | ||
| 500 | _aНа авантит.: Programme A.Pouchkine | ||
| 520 | _aАвтор подводит итог последнему по времени 25-летнему историческому отрезку в развитии исламизма. Рассматриваются три этапа этого движения: расцвет исламизма (70-е годы), победа революции в Иране (1979 г.), джихад против СССР (80-е годы) и закат джихада. | ||
| 650 | 1 | 4 |
_aИсторические науки _xКлассовая борьба _zАзия и Африка _yПериод с 1918 г. |
| 653 | 0 | _aПолитический строй | |
| 653 | 0 | _aПолитическая роль церкви | |
| 767 | 1 |
_tJihad _dParis: Gallimard, 2000 |
|
| 090 | _c165305 | ||
| 999 |
_c163883 _d163883 |
||